[Event "Madrid ch Superveteranos 2021-2022"]
[Site "Madrid ESP"]
[Date "2022.04.26"]
[Round "6.1"]
[White "Barahona Torrijos, Angel"]
[Black "De Paz Nistal, Santiago"]
[Result "1/2-1/2"]
[WhiteElo "1765"]
[BlackElo "1874"]
[PlyCount "122"]
[EventDate "2022.04.18"]
[EventType "swiss"]
[EventRounds "7"]
[EventCountry "ESP"]
[SourceTitle "Ajedrez en Madrid"]
[Source "lmi"]
[SourceDate "2022.04.18"]
[SourceVersion "1"]
[SourceVersionDate "2022.04.28"]
[SourceQuality "1"]

1. e4 c6 2. d4 d5 3. f3 e6 4. Bd3 Nf6 5. e5 Nfd7 6. f4 c5 7. c3 Nc6 8. Nf3 Qb6
9. Bc2 Be7 10. O-O f5 11. exf6 Nxf6 12. Kh1 O-O 13. Nbd2 cxd4 14. cxd4 Nxd4 15.
Bd3 Bd7 16. Nxd4 Qxd4 17. Nf3 Qb6 18. Qe2 a6 19. Ne5 Bb5 20. Be3 Bxd3 21. Nxd3
Qb5 22. Bd4 Qd7 23. Ne5 Qd6 24. f5 Ne4 25. fxe6 Qxe6 26. Qg4 Qxg4 27. Nxg4 Bc5
28. Bxc5 Nxc5 29. Kg1 Rad8 30. Rac1 Rxf1+ 31. Kxf1 b6 32. b4 Nd3 33. Rc6 Nxb4
34. Rxb6 Nxa2 35. Rxa6 Nc3 36. Ke1 Ne4 37. Ra7 d4 38. Nf2 Nxf2 39. Kxf2 h6 40.
Ke2 Kh7 41. Kd3 Kg6 42. Ra5 Rd6 43. g3 h5 44. Ra4 Kg5 45. Ra2 Kg4 46. Rf2 g5
47. Rf8 h4 48. gxh4 gxh4 49. Rg8+ Kh3 50. Rh8 Rg6 51. Kxd4 Rg2 52. Ke3 Rxh2 53.
Kf3 Ra2 54. Rh7 Ra8 55. Kf2 Rg8 56. Rf7 Kh2 57. Kf1 Rg3 58. Rf4 Kh3 59. Kf2
Rg2+ 60. Kf1 Rb2 61. Rf8 Rb1+ 1/2-1/2

[Event "Madrid ch Superveteranos 2021-2022"]
[Site "Madrid ESP"]
[Date "2022.04.26"]
[Round "6.2"]
[White "Barez Menendez, Hector"]
[Black "Pastor Alonso De Prado, Alberto"]
[Result "1/2-1/2"]
[WhiteElo "2058"]
[BlackElo "2088"]
[PlyCount "78"]
[EventDate "2022.04.18"]
[EventType "swiss"]
[EventRounds "7"]
[EventCountry "ESP"]
[SourceTitle "Ajedrez en Madrid"]
[Source "lmi"]
[SourceDate "2022.04.18"]
[SourceVersion "1"]
[SourceVersionDate "2022.04.28"]
[SourceQuality "1"]

1. d4 e6 2. c4 Nf6 3. Nf3 c5 4. Nc3 cxd4 5. Nxd4 a6 6. e4 Bb4 7. Qc2 Qc7 8. Bd2
b6 9. Bd3 Bb7 10. O-O Ng4 11. g3 Qe5 12. Nde2 Nc6 13. Kg2 Qh5 14. h3 Nge5 15.
g4 Qg6 16. Nf4 Qf6 17. f3 Nd4 18. Qd1 g6 19. Be3 Bc5 20. Na4 h5 21. Nxc5 bxc5
22. Be2 Nec6 23. Nd3 d6 24. g5 Qe7 25. h4 e5 26. Rb1 a5 27. b3 O-O 28. Nb2 Nb4
29. Bxd4 exd4 30. a3 Na2 31. Na4 Bc6 32. Qd2 Bxa4 33. Qxa2 Bc6 34. Qd2 f5 35.
gxf6 Qxf6 36. Qg5 Qxg5+ 37. hxg5 Rae8 38. Kg3 Re5 39. Kh4 Rf4+ 1/2-1/2

[Event "Madrid ch Superveteranos 2021-2022"]
[Site "Madrid ESP"]
[Date "2022.04.26"]
[Round "6.3"]
[White "Martinez Rubio, Felipe"]
[Black "Camarero Izquierdo, Juan Carlos"]
[Result "0-1"]
[WhiteElo "1632"]
[BlackElo "1829"]
[PlyCount "122"]
[EventDate "2022.04.18"]
[EventType "swiss"]
[EventRounds "7"]
[EventCountry "ESP"]
[SourceTitle "Ajedrez en Madrid"]
[Source "lmi"]
[SourceDate "2022.04.18"]
[SourceVersion "1"]
[SourceVersionDate "2022.04.28"]
[SourceQuality "1"]

1. d4 f5 2. Bg5 d5 3. Nf3 Qd6 4. c3 Nf6 5. e3 c6 6. Bd3 Ne4 7. Bf4 Qd8 8. Ne5
Nf6 9. Nd2 e6 10. Ndf3 Bd6 11. Bg5 O-O 12. O-O Nbd7 13. Bf4 Bxe5 14. Nxe5 Nxe5
15. Bxe5 Ng4 16. Bg3 Bd7 17. Qe2 Qf6 18. f3 Nh6 19. e4 f4 20. e5 Qg5 21. Be1
Be8 22. Kh1 Bg6 23. g4 fxg3 24. Bxg6 Qxg6 25. Bxg3 Rf5 26. Rg1 Qh5 27. Raf1
Raf8 28. Kg2 Nf7 29. Rf2 Ng5 30. f4 Qh3+ 31. Kh1 Ne4 32. Rf3 Qh6 33. Qg2 Rh5
34. Be1 g6 35. Bg3 Rh3 36. Rgf1 Rf5 37. Be1 Rxf3 38. Rxf3 Rxf4 39. Bd2 Nxd2 40.
Qxd2 g5 41. Qg2 Rxf3 42. Qxf3 Qg6 43. Kg2 h5 44. h3 Kg7 45. Kg3 Qf7 46. Qe3 Qf5
47. b3 Kg6 48. c4 h4+ 49. Kg2 g4 50. hxg4 Qxg4+ 51. Kh2 Kf5 52. Qd3+ Kg5 53.
cxd5 cxd5 54. b4 Qf4+ 55. Kh3 Qg4+ 56. Kh2 Qf5 57. Qd1 Qf4+ 58. Kh1 Kf5 59.
Qh5+ Ke4 60. Qg6+ Qf5 61. Qg1 Qh3+ 0-1

[Event "Madrid ch Superveteranos 2021-2022"]
[Site "Madrid ESP"]
[Date "2022.04.26"]
[Round "6.4"]
[White "Ortiz Landeira, Jose Antonio"]
[Black "Cabañas Bravo, Juan Andres"]
[Result "1/2-1/2"]
[WhiteElo "1783"]
[BlackElo "1891"]
[PlyCount "73"]
[EventDate "2022.04.18"]
[EventType "swiss"]
[EventRounds "7"]
[EventCountry "ESP"]
[SourceTitle "Ajedrez en Madrid"]
[Source "lmi"]
[SourceDate "2022.04.18"]
[SourceVersion "1"]
[SourceVersionDate "2022.04.28"]
[SourceQuality "1"]

1. d4 Nf6 2. e3 g6 3. c4 Bg7 4. Nc3 d5 5. cxd5 Nxd5 6. Nxd5 Qxd5 7. Bd2 Nd7 8.
Qf3 c6 9. Qxd5 cxd5 10. Nf3 O-O 11. Bd3 Nb6 12. O-O Bg4 13. b3 Bxf3 14. gxf3
Rfc8 15. f4 e6 16. Rfc1 Bf8 17. Rxc8 Rxc8 18. Rc1 Rxc1+ 19. Bxc1 a6 20. Bd2 Ba3
21. Kf1 Nc8 22. Ke2 Nd6 23. Kd1 Kg7 24. Kc2 a5 25. Bxa5 Kh6 26. b4 b5 27. Kb3
Bc1 28. Bc7 Nc4 29. Bxc4 dxc4+ 30. Kc3 Ba3 31. e4 Kg7 32. d5 exd5 33. exd5 Kf8
34. Bd6+ Ke8 35. Kc2 Kd7 36. Bc5 f5 37. f3 1/2-1/2

[Event "Madrid ch Superveteranos 2021-2022"]
[Site "Madrid ESP"]
[Date "2022.04.26"]
[Round "6.5"]
[White "Hurtado Garrido, Reyes"]
[Black "Estrada Martinez, Cesar"]
[Result "1-0"]
[WhiteElo "1606"]
[BlackElo "1970"]
[PlyCount "119"]
[EventDate "2022.04.18"]
[EventType "swiss"]
[EventRounds "7"]
[EventCountry "ESP"]
[SourceTitle "Ajedrez en Madrid"]
[Source "lmi"]
[SourceDate "2022.04.18"]
[SourceVersion "1"]
[SourceVersionDate "2022.04.28"]
[SourceQuality "1"]

1. d4 c5 2. c3 e6 3. Bf4 Nf6 4. e3 Nc6 5. Nd2 d5 6. Bd3 Bd6 7. Ngf3 O-O 8. Ne5
Qc7 9. Ndf3 Nd7 10. Nxd7 Bxd7 11. Bxh7+ Kh8 12. Bxd6 Qxd6 13. Bc2 g6 14. O-O
Kg7 15. Ba4 Rh8 16. Bxc6 Bxc6 17. dxc5 Qxc5 18. Qd4+ Qxd4 19. cxd4 f6 20. b4
Rhc8 21. Rfc1 Ba4 22. Kf1 Kf7 23. Ke1 Bc2 24. Kd2 Be4 25. Ne1 g5 26. Rxc8 Rxc8
27. f3 Bg6 28. Rc1 Rxc1 29. Kxc1 Ke7 30. a4 Be8 31. a5 Bb5 32. Kb2 Bf1 33. Kc3
Kd6 34. g3 Bh3 35. Nd3 b6 36. Nf2 Bg2 37. f4 Kc6 38. axb6 axb6 39. Ng4 gxf4 40.
exf4 f5 41. Nf2 Bf3 42. h3 Kd6 43. g4 fxg4 44. hxg4 Ke7 45. Kd3 Kf6 46. Ke3 Bg2
47. Nd1 Bf1 48. Nc3 Bc4 49. Kf3 Kg6 50. Nd1 Bd3 51. Ne3 Be4+ 52. Kg3 Kf6 53.
Kh4 Kg6 54. Nd1 Bd3 55. Nc3 Kh6 56. Na4 Kg6 57. Nxb6 Bb5 58. Nc8 Kf6 59. g5+
Kg6 60. Nd6 1-0

[Event "Madrid ch Superveteranos 2021-2022"]
[Site "Madrid ESP"]
[Date "2022.04.26"]
[Round "6.6"]
[White "Martinez Miura, Enrique"]
[Black "Ciuro Muñoz, Ricardo"]
[Result "1-0"]
[WhiteElo "1582"]
[BlackElo "1895"]
[PlyCount "69"]
[EventDate "2022.04.18"]
[EventType "swiss"]
[EventRounds "7"]
[EventCountry "ESP"]
[SourceTitle "Ajedrez en Madrid"]
[Source "lmi"]
[SourceDate "2022.04.18"]
[SourceVersion "1"]
[SourceVersionDate "2022.04.28"]
[SourceQuality "1"]

1. e4 e6 2. d4 d5 3. exd5 exd5 4. Bd3 Bd6 5. h3 Nc6 6. c3 Nge7 7. Nf3 Bf5 8.
Bxf5 Nxf5 9. O-O O-O 10. Qd3 Nfe7 11. b3 Qd7 12. Ba3 Ng6 13. Bxd6 Qxd6 14. Nbd2
Nf4 15. Qc2 Rfe8 16. Rfe1 f6 17. Nf1 Qd7 18. Ne3 Rad8 19. Rad1 a5 20. Qd2 Re4
21. Nf1 Ng6 22. Ng3 Rxe1+ 23. Rxe1 Re8 24. Rxe8+ Qxe8 25. c4 Qd7 26. c5 b6 27.
cxb6 cxb6 28. Qc2 Nge7 29. Qe2 Kf7 30. Qc2 g6 31. Qd2 Nf5 32. Nxf5 Qxf5 33. Qc1
Qd7 34. Qf4 Ne7 35. Ne5+ 1-0

[Event "Madrid ch Superveteranos 2021-2022"]
[Site "Madrid ESP"]
[Date "2022.04.26"]
[Round "6.7"]
[White "Perez Pascual, Arturo"]
[Black "Becerra Baigorri, Jose"]
[Result "1-0"]
[WhiteElo "1686"]
[BlackElo "1545"]
[PlyCount "67"]
[EventDate "2022.04.18"]
[EventType "swiss"]
[EventRounds "7"]
[EventCountry "ESP"]
[SourceTitle "Ajedrez en Madrid"]
[Source "lmi"]
[SourceDate "2022.04.18"]
[SourceVersion "1"]
[SourceVersionDate "2022.04.28"]
[SourceQuality "1"]

1. e4 e5 2. Nf3 Nc6 3. Bb5 a6 4. Ba4 Nf6 5. d4 exd4 6. O-O Be7 7. Re1 O-O 8. e5
Ne8 9. Nxd4 Nxd4 10. Qxd4 d6 11. Qe4 dxe5 12. Qxe5 Be6 13. Nc3 Nf6 14. Bg5 Qd6
15. Bf4 Qxe5 16. Bxe5 c5 17. a3 c4 18. b4 b5 19. Nxb5 axb5 20. Bxb5 Rfd8 21.
Bc6 Ra7 22. b5 Bc5 23. a4 Bb6 24. Bc3 Nd7 25. a5 Bc5 26. Red1 Rc7 27. Be5 Ra7
28. b6 Bxb6 29. axb6 Rxa1 30. Bxa1 Kf8 31. Be5 f6 32. Bc7 Re8 33. Bxd7 Bxd7 34.
b7 1-0

[Event "Madrid ch Superveteranos 2021-2022"]
[Site "Madrid ESP"]
[Date "2022.04.26"]
[Round "6.8"]
[White "Infante Martin, Alonso"]
[Black "Calderon Martin, Antonio"]
[Result "0-1"]
[WhiteElo "1400"]
[BlackElo "1598"]
[PlyCount "70"]
[EventDate "2022.04.18"]
[EventType "swiss"]
[EventRounds "7"]
[EventCountry "ESP"]
[SourceTitle "Ajedrez en Madrid"]
[Source "lmi"]
[SourceDate "2022.04.18"]
[SourceVersion "1"]
[SourceVersionDate "2022.04.28"]
[SourceQuality "1"]

1. d4 d5 2. Nf3 e6 3. h3 c6 4. Bf4 f5 5. e3 Nf6 6. Nbd2 Be7 7. Bd3 Nbd7 8. a3
O-O 9. O-O Ne4 10. Nb3 g5 11. Bh2 Ndf6 12. Ne5 h5 13. f3 Nd6 14. Nd2 Nd7 15.
Ng6 Rf6 16. Nxe7+ Qxe7 17. Be5 Rg6 18. Bh2 Nf6 19. Rf2 g4 20. fxg4 hxg4 21. Kh1
g3 22. Bxg3 Rxg3 23. Kh2 Rg7 24. Be2 Nde4 25. Rf4 Nxd2 26. Qxd2 Ne4 27. Qe1 e5
28. Rh4 Qg5 29. Bf3 Ng3 30. Rh5 Nxh5 31. Qf2 Qg3+ 32. Qxg3 Nxg3 33. dxe5 Ne4
34. Rd1 Be6 35. Rg1 Ng5 0-1

[Event "Madrid ch Superveteranos 2021-2022"]
[Site "Madrid ESP"]
[Date "2022.04.26"]
[Round "6.9"]
[White "Hortelano Hap, Ramon"]
[Black "Viñas Lopez, Carlos"]
[Result "0-1"]
[WhiteElo "1650"]
[BlackElo "1850"]
[PlyCount "64"]
[EventDate "2022.04.18"]
[EventType "swiss"]
[EventRounds "7"]
[EventCountry "ESP"]
[SourceTitle "Ajedrez en Madrid"]
[Source "lmi"]
[SourceDate "2022.04.18"]
[SourceVersion "1"]
[SourceVersionDate "2022.04.28"]
[SourceQuality "1"]

1. f4 c5 2. e4 d5 3. e5 Nc6 4. c3 Bf5 5. d4 e6 6. Nf3 Qb6 7. a3 Bg4 8. Be2 Bxf3
9. Bxf3 cxd4 10. cxd4 Qxd4 11. Qe2 Qb6 12. Be3 Bc5 13. Bxc5 Qxc5 14. Nc3 Nd4
15. Qf2 Nxf3+ 16. Qxf3 Ne7 17. b4 Qc4 18. Rc1 Rc8 19. Ne2 Qxc1+ 20. Nxc1 Rxc1+
21. Kf2 Rxh1 22. Qe3 b6 23. Qc3 O-O 24. Qc7 Nc8 25. h3 Ra1 26. Qc3 Ra2+ 27. Kf3
Ne7 28. Qb3 Ra1 29. g4 Rc8 30. Kg3 Rac1 31. Kh4 R1c3 32. a4 Ng6+ 0-1

[Event "Madrid ch Superveteranos 2021-2022"]
[Site "Madrid ESP"]
[Date "2022.04.26"]
[Round "6.10"]
[White "Fernandez Garcia, Ignacio"]
[Black "Plaza Plaza, Prudencio"]
[Result "1-0"]
[WhiteElo "1796"]
[BlackElo "1245"]
[PlyCount "57"]
[EventDate "2022.04.18"]
[EventType "swiss"]
[EventRounds "7"]
[EventCountry "ESP"]
[SourceTitle "Ajedrez en Madrid"]
[Source "lmi"]
[SourceDate "2022.04.18"]
[SourceVersion "1"]
[SourceVersionDate "2022.04.28"]
[SourceQuality "1"]

1. e4 c5 2. Nf3 Nc6 3. Bc4 e6 4. Nc3 Nf6 5. e5 d5 6. Bb5 Nd7 7. Qe2 a6 8. Bxc6
bxc6 9. d4 cxd4 10. Nxd4 c5 11. Nf3 Be7 12. h4 d4 13. Ne4 Qc7 14. Bf4 Bb7 15.
O-O-O f6 16. Nd6+ Kf8 17. Nxb7 Qxb7 18. exf6 Bxf6 19. Qxe6 Re8 20. Bd6+ Be7 21.
Ng5 Ne5 22. Qxe5 Bxd6 23. Qxd6+ Qe7 24. Ne6+ Kg8 25. Qxe7 Rxe7 26. Nxc5 Kf7 27.
Rhe1 Rhe8 28. Rxe7+ Rxe7 29. Rxd4 1-0

[Event "Madrid ch Superveteranos 2021-2022"]
[Site "Madrid ESP"]
[Date "2022.04.26"]
[Round "6.11"]
[White "Garcia Esteban, Ignacio"]
[Black "Siddiqie, Kausar Iqbal"]
[Result "1-0"]
[WhiteElo "1730"]
[BlackElo "1309"]
[PlyCount "87"]
[EventDate "2022.04.18"]
[EventType "swiss"]
[EventRounds "7"]
[EventCountry "ESP"]
[SourceTitle "Ajedrez en Madrid"]
[Source "lmi"]
[SourceDate "2022.04.18"]
[SourceVersion "1"]
[SourceVersionDate "2022.04.28"]
[SourceQuality "1"]

1. e4 e5 2. Nf3 Nc6 3. Bb5 Bc5 4. O-O Nf6 5. Nxe5 O-O 6. Nxc6 dxc6 7. Be2 Nxe4
8. d3 Nxf2 9. Rxf2 Qh4 10. Qf1 f5 11. c3 Bxf2+ 12. Qxf2 Qxf2+ 13. Kxf2 f4 14.
Nd2 b5 15. Bf3 Bd7 16. Ne4 Bf5 17. Nc5 Rad8 18. d4 g5 19. Bxc6 g4 20. Bxb5 h5
21. Bc4+ Kh8 22. g3 f3 23. Bf4 c6 24. Re1 Rf6 25. Be5 Kg7 26. Bd3 Bxd3 27. Nxd3
Kf7 28. Nf4 Rh6 29. Nd3 Rd5 30. b4 a5 31. c4 Rd7 32. Nc5 Ra7 33. b5 cxb5 34.
cxb5 h4 35. a4 hxg3+ 36. Bxg3 Re7 37. Ne4 Ke8 38. d5 Kd8 39. Bf4 Rh5 40. d6 Rf7
41. Bg3 Rfh7 42. Rh1 Rf7 43. Re1 Rfh7 44. Ke3 1-0

[Event "Madrid ch Superveteranos 2021-2022"]
[Site "Madrid ESP"]
[Date "2022.04.26"]
[Round "6.12"]
[White "Conchillo Roman, Jose Ignacio"]
[Black "Jimenez Jimenez, Jose Luis"]
[Result "0-1"]
[WhiteElo "1490"]
[BlackElo "1780"]
[PlyCount "28"]
[EventDate "2022.04.18"]
[EventType "swiss"]
[EventRounds "7"]
[EventCountry "ESP"]
[SourceTitle "Ajedrez en Madrid"]
[Source "lmi"]
[SourceDate "2022.04.18"]
[SourceVersion "1"]
[SourceVersionDate "2022.04.28"]
[SourceQuality "1"]

1. e4 e5 2. Nf3 Nc6 3. Bb5 Nf6 4. O-O Nxe4 5. Re1 Nd6 6. a4 Be7 7. Nc3 O-O 8.
Nxe5 Nd4 9. Qg4 Nxc2 10. d4 Nxb5 11. Bh6 Bf6 12. axb5 d6 13. Qg3 Nxa1 14. Rxa1
Kh8 0-1

[Event "Madrid ch Superveteranos 2021-2022"]
[Site "Madrid ESP"]
[Date "2022.04.26"]
[Round "6.13"]
[White "Garcia Marin, Blas"]
[Black "Cabrera Jimenez, Julio"]
[Result "0-1"]
[WhiteElo "1347"]
[BlackElo "1757"]
[PlyCount "58"]
[EventDate "2022.04.18"]
[EventType "swiss"]
[EventRounds "7"]
[EventCountry "ESP"]
[SourceTitle "Ajedrez en Madrid"]
[Source "lmi"]
[SourceDate "2022.04.18"]
[SourceVersion "1"]
[SourceVersionDate "2022.04.28"]
[SourceQuality "1"]

1. d4 Nf6 2. Nf3 d5 3. e3 e6 4. Bd3 Nbd7 5. c3 c5 6. Qe2 h6 7. O-O Bd6 8. h3
O-O 9. Nbd2 Re8 10. e4 dxe4 11. Nxe4 Nxe4 12. Bxe4 Nf6 13. Bc2 cxd4 14. Nxd4 e5
15. Nf5 Bxf5 16. Bxf5 e4 17. Re1 Qa5 18. g4 g6 19. Bxg6 fxg6 20. Bxh6 Kh7 21.
g5 Nh5 22. Qc4 Qf5 23. Re3 Rac8 24. Qe2 Bc5 25. Rf1 Re7 26. b4 Bxe3 27. Qxe3
Rd8 28. f3 Qxh3 29. Rf2 Rd1+ 0-1

[Event "Madrid ch Superveteranos 2021-2022"]
[Site "Madrid ESP"]
[Date "2022.04.26"]
[Round "6.14"]
[White "Ghavami, Mahmoud"]
[Black "De Los Rios Camacho, Juan Antonio"]
[Result "1/2-1/2"]
[WhiteElo "1470"]
[BlackElo "1597"]
[PlyCount "95"]
[EventDate "2022.04.18"]
[EventType "swiss"]
[EventRounds "7"]
[EventCountry "ESP"]
[SourceTitle "Ajedrez en Madrid"]
[Source "lmi"]
[SourceDate "2022.04.18"]
[SourceVersion "1"]
[SourceVersionDate "2022.04.28"]
[SourceQuality "1"]

1. c4 e5 2. g3 Nf6 3. Bg2 Bc5 4. e4 d6 5. h3 Be6 6. d3 c6 7. Nc3 Nbd7 8. Nge2
a6 9. Rb1 b5 10. b3 Nf8 11. O-O Qc8 12. Kh2 h5 13. f4 Ng4+ 14. Kh1 Nf2+ 15.
Rxf2 Bxf2 16. Qf1 Ba7 17. Nd1 Nh7 18. Be3 c5 19. Ndc3 b4 20. Nd5 Nf6 21. Nxf6+
gxf6 22. f5 Bd7 23. Bf3 Ke7 24. Qf2 a5 25. Rd1 a4 26. Nc1 Qg8 27. Rg1 axb3 28.
Nxb3 Bb6 29. Ra1 Ba4 30. Bd1 Qg7 31. Kh2 Rh7 32. Nxc5 Bxd1 33. Rxd1 Bxc5 34.
Bxc5 Rd8 35. Bxb4 h4 36. g4 Qg5 37. c5 Qf4+ 38. Qxf4 exf4 39. cxd6+ Kd7 40. Kg2
Rc8 41. Kf3 Rc2 42. Kxf4 Rf2+ 43. Ke3 Rh2 44. Rc1 Rxh3+ 45. Kd4 Rg3 46. Rc7+
Kd8 47. Ba5 h3 48. Rxf7+ 1/2-1/2

[Event "Madrid ch Superveteranos 2021-2022"]
[Site "Madrid ESP"]
[Date "2022.04.26"]
[Round "6.15"]
[White "Ureña Castellano, Antonio"]
[Black "Lopez Manso, Jeronimo"]
[Result "0-1"]
[WhiteElo "1549"]
[BlackElo "1397"]
[PlyCount "76"]
[EventDate "2022.04.18"]
[EventType "swiss"]
[EventRounds "7"]
[EventCountry "ESP"]
[SourceTitle "Ajedrez en Madrid"]
[Source "lmi"]
[SourceDate "2022.04.18"]
[SourceVersion "1"]
[SourceVersionDate "2022.04.28"]
[SourceQuality "1"]

1. d4 Nf6 2. c4 c5 3. d5 b5 4. b3 Bb7 5. Nc3 b4 6. Na4 d6 7. Nf3 e6 8. Bg5 Be7
9. dxe6 fxe6 10. e3 O-O 11. Bd3 e5 12. Bxf6 Bxf6 13. e4 Nc6 14. O-O Bc8 15. h3
Qe8 16. Be2 Nd4 17. Nxd4 exd4 18. Bd3 Be5 19. Qd2 Bf4 20. Qe2 Rf6 21. Nb2 Qe5
22. g3 Rg6 23. g4 h5 24. f3 Be3+ 25. Kg2 h4 26. Qe1 Rh6 27. Nd1 Bf4 28. Kh1 Bd7
29. Rb1 Rf8 30. Rb2 Bg3 31. Qe2 Rhf6 32. Qg2 Qf4 33. Be2 Qc1 34. Bd3 Rxf3 35.
Rd2 Rxf1+ 36. Bxf1 Rxf1+ 37. Qxf1 Qxd2 38. Qg1 Bc6 0-1

[Event "Madrid ch Superveteranos 2021-2022"]
[Site "Madrid ESP"]
[Date "2022.04.26"]
[Round "6.16"]
[White "Rufo Yebra, Benito"]
[Black "Ramos Antona, Enrique"]
[Result "1-0"]
[WhiteElo "1365"]
[BlackElo "1540"]
[PlyCount "81"]
[EventDate "2022.04.18"]
[EventType "swiss"]
[EventRounds "7"]
[EventCountry "ESP"]
[SourceTitle "Ajedrez en Madrid"]
[Source "lmi"]
[SourceDate "2022.04.18"]
[SourceVersion "1"]
[SourceVersionDate "2022.04.28"]
[SourceQuality "1"]

1. d4 Nf6 2. e3 e6 3. Nf3 b6 4. Nc3 Bb7 5. Bd3 g6 6. Qe2 Bg7 7. e4 O-O 8. Bg5
h6 9. Bxf6 Bxf6 10. e5 Bg7 11. h4 d6 12. O-O-O Nc6 13. g4 Nb4 14. exd6 Nxd3+
15. Rxd3 Ba6 16. dxc7 Qxc7 17. g5 Bxd3 18. Qxd3 Qf4+ 19. Kb1 h5 20. Ne2 Qf5 21.
Qb3 Rfd8 22. Ng3 Qd5 23. Qd3 b5 24. Ne4 Qc4 25. Nf6+ Bxf6 26. Qxc4 bxc4 27.
gxf6 Rd5 28. c3 Rb8 29. Ne5 Rc8 30. f4 a5 31. Kc2 a4 32. Rb1 a3 33. b3 cxb3+
34. Rxb3 Rxd4 35. Nd3 Rd7 36. Rxa3 Kf8 37. Ne5 Rdc7 38. Rb3 Ke8 39. a4 Ra8 40.
Rb4 Ra5 41. Rb8+ 1-0

[Event "Madrid ch Superveteranos 2021-2022"]
[Site "Madrid ESP"]
[Date "2022.04.26"]
[Round "6.17"]
[White "Maseda Iglesias, Luis"]
[Black "Castro Uceda, Jose Antonio"]
[Result "1/2-1/2"]
[WhiteElo "1657"]
[BlackElo "1446"]
[PlyCount "100"]
[EventDate "2022.04.18"]
[EventType "swiss"]
[EventRounds "7"]
[EventCountry "ESP"]
[SourceTitle "Ajedrez en Madrid"]
[Source "lmi"]
[SourceDate "2022.04.18"]
[SourceVersion "1"]
[SourceVersionDate "2022.04.28"]
[SourceQuality "1"]

1. d4 Nf6 2. Nf3 d5 3. e3 c6 4. Bd3 Bg4 5. h3 Bxf3 6. Qxf3 e6 7. Nd2 Bd6 8. O-O
O-O 9. e4 dxe4 10. Nxe4 Be7 11. Nxf6+ Bxf6 12. Qe4 g6 13. c3 Bg7 14. Bf4 Qb6
15. Rab1 Nd7 16. Rfe1 Nf6 17. Qe2 Nd5 18. Bd2 Rfe8 19. b3 Qc7 20. g3 Qd7 21.
Kg2 e5 22. Qf1 exd4 23. cxd4 Bxd4 24. Rxe8+ Rxe8 25. Re1 Bc3 26. Rxe8+ Qxe8 27.
Bh6 Qe1 28. Bc1 Qxf1+ 29. Kxf1 f5 30. Ke2 Kg7 31. Bg5 Ba5 32. Bd2 Bxd2 33. Kxd2
Kf6 34. Bb1 Ke5 35. Kd3 b5 36. f4+ Kd6 37. a3 c5 38. Bc2 a5 39. Bd1 b4 40. axb4
cxb4 41. Kd4 Nc3 42. Bf3 Nb1 43. Bd5 Nd2 44. g4 fxg4 45. hxg4 Nb1 46. Bg8 h5
47. f5 hxg4 48. fxg6 g3 49. Bd5 g2 50. Bxg2 Ke7 1/2-1/2

[Event "Madrid ch Superveteranos 2021-2022"]
[Site "Madrid ESP"]
[Date "2022.04.27"]
[Round "7.1"]
[White "De Paz Nistal, Santiago"]
[Black "Camarero Izquierdo, Juan Carlos"]
[Result "0-1"]
[WhiteElo "1874"]
[BlackElo "1829"]
[PlyCount "80"]
[EventDate "2022.04.18"]
[EventType "swiss"]
[EventRounds "7"]
[EventCountry "ESP"]
[SourceTitle "Ajedrez en Madrid"]
[Source "lmi"]
[SourceDate "2022.04.18"]
[SourceVersion "1"]
[SourceVersionDate "2022.04.28"]
[SourceQuality "1"]

1. e4 c5 2. Nc3 d6 3. g3 e6 4. Bg2 a6 5. Nge2 Nf6 6. O-O Nbd7 7. d4 cxd4 8.
Nxd4 Qc7 9. h3 Rb8 10. f4 b5 11. a3 Bb7 12. Kh2 Rc8 13. Nb3 Nb6 14. Re1 Be7 15.
Qd3 O-O 16. Re2 Rfd8 17. Nd1 d5 18. e5 Ne4 19. c3 Na4 20. Be3 Nac5 21. Nxc5
Bxc5 22. Nf2 Bxe3 23. Qxe3 Nc5 24. Rd1 Nb3 25. Rd3 a5 26. Re1 Qc4 27. Bf1 Qc7
28. Red1 Ba6 29. Qf3 b4 30. c4 Nc5 31. Rd4 dxc4 32. Bxc4 Rxd4 33. Rxd4 Bb7 34.
Qd1 h6 35. axb4 axb4 36. Bf1 b3 37. Rd6 Ne4 38. Nxe4 Bxe4 39. Qxb3 Qc1 40. Qd1
Rc2+ 0-1

[Event "Madrid ch Superveteranos 2021-2022"]
[Site "Madrid ESP"]
[Date "2022.04.27"]
[Round "7.2"]
[White "Pastor Alonso De Prado, Alberto"]
[Black "Hurtado Garrido, Reyes"]
[Result "1-0"]
[WhiteElo "2088"]
[BlackElo "1606"]
[PlyCount "82"]
[EventDate "2022.04.18"]
[EventType "swiss"]
[EventRounds "7"]
[EventCountry "ESP"]
[SourceTitle "Ajedrez en Madrid"]
[Source "lmi"]
[SourceDate "2022.04.18"]
[SourceVersion "1"]
[SourceVersionDate "2022.04.28"]
[SourceQuality "1"]

1. e4 c5 2. c3 d5 3. exd5 Qxd5 4. d4 Nc6 5. Be3 cxd4 6. cxd4 e5 7. Nc3 Bb4 8.
Qd2 Bxc3 9. bxc3 exd4 10. cxd4 Nf6 11. Nf3 Bf5 12. Bd3 Bxd3 13. Qxd3 O-O 14.
O-O Ne4 15. Rab1 Nd6 16. Rfc1 Rfd8 17. a4 b6 18. Ng5 f5 19. Nh3 Ne5 20. Qe2 Ng6
21. Rc7 Re8 22. Qh5 Rec8 23. Rbc1 Rxc7 24. Rxc7 Qe4 25. g3 Ne8 26. Ng5 Nf6 27.
Qd1 Qd5 28. Qf3 h6 29. Rc6 hxg5 30. Qxd5+ Nxd5 31. Rxg6 Re8 32. Bxg5 Re4 33. a5
bxa5 34. Ra6 Rxd4 35. Rxa5 Nc3 36. Rxf5 Rd7 37. Kg2 Nd5 38. Rf3 a5 39. Bd2 Nb4
40. Bc3 Rb7 41. Rf5 a4 1-0

[Event "Madrid ch Superveteranos 2021-2022"]
[Site "Madrid ESP"]
[Date "2022.04.27"]
[Round "7.3"]
[White "Barahona Torrijos, Angel"]
[Black "Barez Menendez, Hector"]
[Result "0-1"]
[WhiteElo "1765"]
[BlackElo "2058"]
[PlyCount "102"]
[EventDate "2022.04.18"]
[EventType "swiss"]
[EventRounds "7"]
[EventCountry "ESP"]
[SourceTitle "Ajedrez en Madrid"]
[Source "lmi"]
[SourceDate "2022.04.18"]
[SourceVersion "1"]
[SourceVersionDate "2022.04.28"]
[SourceQuality "1"]

1. e4 e5 2. Nf3 Nf6 3. Nc3 Nc6 4. Bb5 Bb4 5. O-O O-O 6. Nd5 Nxd5 7. exd5 e4 8.
dxc6 bxc6 9. c3 cxb5 10. cxb4 exf3 11. Qxf3 Rb8 12. d4 Bb7 13. Qg3 d6 14. Bg5
f6 15. Qb3+ Kh8 16. Be3 Qd7 17. d5 Qf5 18. Rfd1 Rbe8 19. Qd3 Re5 20. Qxf5 Rxf5
21. Bxa7 Rxd5 22. Rxd5 Bxd5 23. b3 Ra8 24. Bd4 Kg8 25. a4 Bxb3 26. a5 Ra6 27.
f4 Kf7 28. g4 Ke6 29. Ra3 Kd5 30. Bxf6 gxf6 31. Rxb3 Kc4 32. Rh3 Kxb4 33. Rxh7
c5 34. Rh6 c4 35. Kf2 c3 36. Ke2 Kb3 37. Rh8 Rc6 38. a6 c2 39. a7 c1=Q 40. a8=Q
Rc2+ 41. Kf3 Qh1+ 42. Kg3 Qg1+ 43. Kf3 Qf2+ 44. Ke4 Rc4+ 45. Kf5 Qxf4+ 46. Kg6
Qxg4+ 47. Kxf6 Rf4+ 48. Ke7 Re4+ 49. Kxd6 Qe6+ 50. Kc7 Rc4+ 51. Kb7 Qd7+ 0-1